| 000 -LEADER |
| fixed length control field |
00615pam a2200205 a 4500 |
| 005 - DATE AND TIME OF LATEST TRANSACTION |
| control field |
20131016073921.0 |
| 008 - FIXED-LENGTH DATA ELEMENTS--GENERAL INFORMATION |
| fixed length control field |
930628s1993 nyu b 001 0 eng |
| 020 ## - INTERNATIONAL STANDARD BOOK NUMBER |
| International Standard Book Number |
0671728296 : |
| 041 0# - LANGUAGE CODE |
| Language code of text/sound track or separate title |
eng |
| 080 ## - UNIVERSAL DECIMAL CLASSIFICATION NUMBER |
| Universal Decimal Classification number |
32 |
| 100 1# - Rafti |
| Rafti |
Pfaff, William, |
| 100 1# - Rafti |
| -- |
1928- |
| 245 14 - TITLE STATEMENT |
| Title |
The wrath of nations : |
| Statement of responsibility, etc |
William Pfaff. |
| 260 ## - |
| -- |
New York : |
| -- |
Simon & Schuster, |
| -- |
c1993. |
| 300 ## - |
| -- |
256 p. ; |
| -- |
24 cm. |
| 504 ## - BIBLIOGRAPHY, ETC. NOTE |
| Bibliography, etc |
Includes bibliographical references (p. 239-246) and index. |
| 650 #0 - |
| -- |
Nacionalizmi |
| 650 #0 - |
| -- |
Dhuna |
| 650 #0 - |
| -- |
Politika botërore |
| 942 ## - ADDED ENTRY ELEMENTS (KOHA) |
| Source of classification or shelving scheme |
|
| Item type |
Books |